| 000 | 01807nam a2200421Ii 4500 | ||
|---|---|---|---|
| 001 | DIGMPONS0210 | ||
| 003 | NyNyDIG | ||
| 008 | 230316s2021 sp ob 000 0 spa d | ||
| 006 | m o d | ||
| 007 | cr ||||||||||| | ||
| 035 | _a(OCoLC)1374239154 | ||
| 040 |
_aDGITA _beng _erda _epn _cDGITA |
||
| 020 |
_a9788413813516 _qeBook |
||
| 020 | _z9788413813172 | ||
| 043 | _ae------ | ||
| 050 | 1 | 4 | _aHD2746.55.E86 ebook |
| 100 | 1 |
_aQuintas Seara, Alberto, _eauthor. |
|
| 245 | 1 | 0 |
_aFiscalidad de las reorganizaciones empresariales en la Unión Europea : _bestudio de la Directiva Fiscal de Fusiones / _cAlberto Quintas Seara ; prólogo de José Manuel Calderón Carrero. |
| 264 | 1 |
_aMadrid : _bMarcial Pons, _c2021. |
|
| 300 | _a1 online resource. | ||
| 336 |
_atext _btxt _2rdacontent |
||
| 337 |
_acomputer _bc _2rdamedia |
||
| 338 |
_aonline resource _bcr _2rdacarrier |
||
| 347 |
_atext file _2rdaft |
||
| 347 | _bEPUB | ||
| 504 | _aIncludes bibliographical references. | ||
| 588 | 0 | _aOnline resource; title from ePub title page (Digitalia, viewed March 16, 2023) | |
| 650 | 0 |
_aConsolidation and merger of corporations _zEuropean Union countries. |
|
| 650 | 0 |
_aCorporate reorganizations _zEuropean Union countries. |
|
| 650 | 0 |
_aCorporations _xTaxation _zEuropean Union countries. |
|
| 700 | 1 |
_aCalderón Carrero, José Manuel, _econtributor agent of text. |
|
| 791 | 2 |
_aDigitalia (Firm), _edistributor. |
|
| 793 | 0 |
_gDigitalia eBook Collection: _aMarcial Pons |
|
| 776 | 0 | 8 |
_iPrint version: _aQuintas Seara, Alberto. _tFiscalidad de las reorganizaciones empresariales en la Unión Europea. _dMadrid : Marcial Pons, 2021 _z9788413813172 |
| 856 | 4 | 0 |
_3Digitalia Hispánica _uhttps://www.digitaliapublishing.com/a/119001/ |
| 910 | _aPremium collection: 2023 | ||
| 942 | _cRAA | ||
| 999 |
_c275834 _d275834 |
||